Statistics for Nobel Prize laureates in literature

Click here to take the quiz!

General Stats

  • This quiz has been taken 170 times
  • The average score is 69 of 119

Answer Stats

YearAnswer% Correct
2016Bob Dylan
85%
1957Albert Camus
76%
1954Ernest Hemingway
76%
2013Alice Munro
74%
1999Günter Grass
74%
2021Abdulrazak Gurnah
71%
1982Gabriel García Márquez
71%
2005Harold Pinter
71%
1964Jean-Paul Sartre
71%
2003J. M. Coetzee
71%
2017Kazuo Ishiguro
71%
1971Pablo Neruda
71%
2019Peter Handke
71%
1907Rudyard Kipling
71%
2022Annie Ernaux
68%
1997Dario Fo
68%
2004Elfriede Jelinek
68%
1994Kenzaburō Ōe
68%
2018Olga Tokarczuk
68%
1953Winston Churchill
68%
2007Doris Lessing
65%
2020Louise Glück
65%
2010Mario Vargas Llosa
65%
1990Octavio Paz
65%
2006Orhan Pamuk
65%
1973Patrick White
65%
1996Wisława Szymborska
65%
1958Boris Pasternak
62%
1989Camilo José Cela
62%
1972Heinrich Böll
62%
1946Hermann Hesse
62%
2009Herta Müller
62%
1962John Steinbeck
62%
1998José Saramago
62%
1920Knut Hamsun
62%
2012Mo Yan
62%
1913Rabindranath Tagore
62%
1930Sinclair Lewis
62%
2015Svetlana Alexievich
62%
1929Thomas Mann
62%
2001V. S. Naipaul
62%
1949William Faulkner
62%
1921Anatole France
59%
1952François Mauriac
59%
1904Frédéric Mistral
59%
1945Gabriela Mistral
59%
1927Henri Bergson
59%
1905Henryk Sienkiewicz
59%
2002Imre Kertész
59%
2008J. M. G. Le Clézio
59%
1932John Galsworthy
59%
1934Luigi Pirandello
59%
2014Patrick Modiano
59%
1976Saul Bellow
59%
1928Sigrid Undset
59%
1901Sully Prudhomme
59%
2011Tomas Tranströmer
59%
1993Toni Morrison
59%
1983William Golding
59%
1970Aleksandr Solzhenitsyn
56%
1947André Gide
56%
1985Claude Simon
56%
1981Elias Canetti
56%
1936Eugene O'Neill
56%
1974Eyvind Johnson
56%
1939Frans Eemil Sillanpää
56%
2000Gao Xingjian
56%
1912Gerhart Hauptmann
56%
1906Giosuè Carducci
56%
1926Grazia Deledda
56%
1917Henrik Pontoppidan
56%
1956Juan Ramón Jiménez
56%
1967Miguel Ángel Asturias
56%
1991Nadine Gordimer
56%
1938Pearl S. Buck
56%
1960Saint-John Perse
56%
1969Samuel Beckett
56%
1995Seamus Heaney
56%
1909Selma Lagerlöf
56%
1902Theodor Mommsen
56%
1950Bertrand Russell
53%
1919Carl Spitteler
53%
1955Halldór Laxness
53%
1974Harry Martinson
53%
1978Isaac Bashevis Singer
53%
1961Ivo Andrić
53%
1904José Echegaray
53%
1911Maurice Maeterlinck
53%
1988Naguib Mahfouz
53%
1966Nelly Sachs
53%
1910Paul Heyse
53%
1915Romain Rolland
53%
1959Salvatore Quasimodo
53%
1966Shmuel Yosef Agnon
53%
1923W. B. Yeats
53%
1903Bjørnstjerne Bjørnson
50%
1925George Bernard Shaw
50%
1937Roger Martin du Gard
50%
1977Vicente Aleixandre
50%
1924Władysław Reymont
50%
1968Yasunari Kawabata
50%
1980Czesław Miłosz
47%
1992Derek Walcott
47%
1931Erik Axel Karlfeldt
47%
1975Eugenio Montale
47%
1963Giorgos Seferis
47%
1933Ivan Bunin
47%
1984Jaroslav Seifert
47%
1987Joseph Brodsky
47%
1917Karl Adolph Gjellerup
47%
1965Mikhail Sholokhov
47%
1916Verner von Heidenstam
47%
1986Wole Soyinka
47%
1922Jacinto Benavente
44%
1908Rudolf Christoph Eucken
44%
1948T. S. Eliot
44%
1944Johannes Vilhelm Jensen
41%
1979Odysseas Elytis
41%
1951Pär Lagerkvist
41%

Score Distribution

Percentile by Number Answered

Percent of People with Each Score

Your Score History

You have not taken this quiz